Playable characters from Fire Emblem: Radiant Dawn - Statistics

General Stats
  • This quiz has been taken 774 times
  • The average score is 48 of 72
Answer Stats
Answer % Correct
Ike
98%
Sothe
91%
Micaiah
88%
Soren
84%
Titania
84%
Mist
82%
Oscar
82%
Rolf
82%
Edward
81%
Elincia
81%
Mia
81%
Shinon
80%
Leonardo
79%
Jill
78%
Tibarn
78%
Boyd
77%
Lethe
77%
Gatrie
74%
Brom
73%
Haar
73%
Mordecai
73%
Nephenee
72%
Nolan
72%
Reyson
72%
Lucia
71%
Marcia
71%
Zihark
71%
Ilyana
70%
Leanne
70%
Naesala
70%
Ranulf
70%
Geoffrey
69%
Laura
69%
Meg
69%
Tormod
68%
Astrid
66%
Nailah
65%
Aran
64%
Kieran
64%
Rafiel
64%
Rhys
64%
Makalov
63%
Sanaki
63%
Tauroneo
63%
Volug
62%
Muarim
61%
Vika
60%
Volke
60%
Heather
59%
Kurthnaga
59%
Danved
58%
Lyre
58%
Ena
57%
Pelleas
57%
Janaff
56%
Nealuchi
56%
Ulki
56%
Lehran
55%
Calill
54%
Oliver
54%
Tanith
54%
Sigrun
53%
Skrimir
53%
Bastian
52%
Fiona
52%
Caineghis
51%
Nasir
51%
Giffca
50%
Stefan
49%
Kyza
45%
Gareth
41%
Renning
38%
No matching quizzes found
Score Distribution
Percent of People with Each Score
Percentile by Number Answered
Your Score History
You have not taken this quiz